|
|
|
|
| LEADER |
01884nam a22004094a 4500 |
| 001 |
45786 |
| 003 |
BD-DhAAL |
| 005 |
20260513182523.0 |
| 008 |
260513t2006 hiua b s001 0 eng |
| 010 |
|
|
|a 2005050169
|
| 020 |
|
|
|a 9780824830021
|
| 020 |
|
|
|a 0824830024
|
| 035 |
|
|
|a 14003935
|
| 040 |
|
|
|a DLC
|c DLC
|d DLC
|d BD-DhAAL
|
| 042 |
|
|
|a pcc
|
| 043 |
|
|
|a a-ja---
|
| 050 |
0 |
0 |
|a BL2210.5
|b .N36 2006
|
| 082 |
0 |
0 |
|a 200.952
|2 22
|
| 245 |
0 |
0 |
|a Nanzan guide to Japanese religions /
|c edited by Paul L. Swanson and Clark Chilson.
|
| 246 |
3 |
0 |
|a Guide to Japanese religions
|
| 246 |
3 |
0 |
|a Japanese religions
|
| 260 |
|
|
|a Honolulu :
|b University of Hawai'i Press,
|c c2006.
|
| 300 |
|
|
|a xii, 466 pages :
|b illustrations ;
|c 27 cm
|
| 490 |
1 |
|
|a Nanzan library of Asian religion and culture
|
| 504 |
|
|
|a Includes bibliographical references and index.
|
| 526 |
8 |
|
|a AAL
|
| 541 |
1 |
|
|a Donated by Embassy of Japan in Bangladesh, Read Japan Project 2025, The Tokyo Foundation, supported by The Nippon Foundation.
|e 45786
|
| 651 |
|
0 |
|a Japan
|x Religion
|x Study and teaching.
|9 60702
|
| 651 |
|
0 |
|a Japan
|x Religion
|x Sources.
|9 60703
|
| 651 |
|
0 |
|a Japan
|x Religion
|x Research.
|9 60704
|
| 700 |
1 |
|
|a Swanson, Paul L.
|q (Paul Loren),
|d 1951-
|9 60705
|
| 700 |
1 |
|
|a Chilson, Clark,
|d 1967-
|9 60706
|
| 830 |
0 |
|
|a Nanzan library of Asian religion and culture
|9 60707
|
| 852 |
1 |
|
|a Ayesha Abed Library
|c General Stacks
|
| 942 |
|
|
|2 ddc
|c BK
|
| 999 |
|
|
|c 47939
|d 47939
|
| 952 |
|
|
|0 0
|1 0
|2 ddc
|4 0
|6 200_952000000000000_NAN
|7 0
|9 79196
|a BRACUL
|b BRACUL
|d 2026-05-13
|e Donated by Embassy of Japan in Bangladesh, Read Japan Project 2025, The Tokyo Foundation, supported by The Nippon Foundation.
|l 0
|o 200.952 NAN
|p 3010045786
|r 2026-05-13
|t 1
|w 2026-05-13
|y BK
|x Donated copy received from Embassy of Japan in Bangladesh, Read Japan Project 2025, The Tokyo Foundation, supported by The Nippon Foundation on 08 April 2026; $47.00
|